略号からJRの路線を当てる 〜北海道/四国/九州 Hard〜 - Statistics

General Stats
  • This quiz has been taken 42 times
  • The average score is 15 of 56
Answer Stats
現在 電報略号 路線名 % Correct
改称:予讃線 ヨサホセ 予讃本線
94%
改称:徳島線 トクホセ 徳島本線
91%
改称:高徳線 コトホセ 高徳本線
79%
廃線 ナヨホセ 名寄本線
76%
転換:道南いさりび鉄道 エサセ 江差線
76%
改称:予土線 ウワセ 宇和島線
58%
改称:日田彦山線 ヒタセ 日田線
55%
廃線 サガセ 佐賀線
42%
転換:くま川鉄道 ユマセ 湯前線
42%
廃線 テミセ 手宮線
39%
改称:宗谷本線 テシセ 天塩線
39%
改称:池北線・石北本線・釧網本線、転換:北海道ちほく高原鉄道、廃線 アハホセ 網走本線
39%
廃線 セタセ 瀬棚線
36%
廃線 ホロセ 幌内線
36%
改称:石勝線 ユウセ 夕張線
36%
改称:鳴門線 ムヤセ 撫養線
36%
廃線 ツマセ 妻線
33%
廃線 ウタセ 歌志内線
33%
転換:南阿蘇鉄道 タモセ 高森線
30%
転換:平成筑豊鉄道 タワセ 田川線
30%
廃線 マンセ 万字線
27%
廃線 シヘセ 標津線
27%
転換:松浦鉄道 マウセ 松浦線
27%
廃線 カヂセ 鍛冶屋原線
24%
転換:平成筑豊鉄道 イタセ 伊田線
24%
転換:甘木鉄道 マキセ 甘木線
24%
廃線 シフセ 志布志線
21%
廃線 ウルセ 漆生線
21%
廃線 シロセ 士幌線
21%
廃線 ハロセ 羽幌線
18%
廃線 ケネセ 計根別線
18%
改称:松浦線、転換: イマセ 伊万里線
18%
廃線 イナセ 岩内線
15%
廃線 キミセ 北見線
15%
廃線 コホセ 興浜北線
15%
廃線 アオセ 相生線
15%
廃線 カツセ 香月線
12%
廃線 ユトセ・ユサセ 湧網(東・西)線
12%
廃線 コマセ 小松島線
9%
廃線 ヤノセ・ヤサセ 山野(東・西)線
9%
廃線 ミシセ 宮之城線
9%
廃線 コフセ 幸袋線
9%
廃線 ミマセ 上山田線
9%
廃線 ヒオセ 広尾線
9%
廃線 シセ 渚滑線
9%
改称:大隅線、廃線 フトセ・フサセ 古江(東・西)線
9%
廃線 ロキせ 室木線
6%
廃線 ホカセ 幌加内線
6%
改称:指宿枕崎線 イスセ 指宿線
6%
廃線 ホマセ 細島線
3%
廃線 アラセ 油津線
3%
廃線 キリセ 桐野線
3%
廃線 キコセ 京極線
3%
廃線 コンセ 興浜南線
3%
改称:糸田線、転換:平成筑豊鉄道 ミヤセ 宮床線
3%
改称:高千穂線、転換:高千穂鉄道、廃線 ヒカセ 日ノ影線
3%
No matching quizzes found
Score Distribution
Percent of People with Each Score
Percentile by Number Answered
Your Score History
You have not taken this quiz